000 00619nam a2200205 4500
001 86504
003 BD-RjUL
005 20260518123037.0
008 260518s1959 pk ||||| |||| 00| 0 urd d
035 _a(BD-RjUL)86504
040 _aBD-RjUL
_beng
_cBD-RjUL
041 _aurd
082 _223
_a891.439109
_bHAA 1959
100 _aحارث، سجاد ;; Haris, Sajjad
_918515
245 _aعوامی شاعراور اس کا فن ;; awami shaaraur is ka fan /
_cسجاد حارث ;; Sajjad Haris
260 _aLahor :
_bMaqbul akademy,
_c1959
300 _a304 p;
_c17 cm
650 _aLiterature
942 _2ddc
_cBK
999 _c86504
_d86504